书目信息 |
| 题名: |
治疗肩痛100法
|
|
| 作者: | ;朱晓辉 译 ;日本主妇之友社 编 | |
| 分册: | ||
| 出版信息: | 北京 中国轻工业出版社 2000 |
|
| 页数: | 194页 | |
| 开本: | 18cm | |
| 丛书名: | 家庭保健百科 | |
| 单 册: | ||
| 中图分类: | R681.505 | |
| 科图分类: | ||
| 主题词: | 中西医结合疗法-颈肩痛--zhong xi yi jie he liao fa - jing jian tong , 颈肩痛-中西医结合疗法--jing jian tong - zhong xi yi jie he liao fa | |
| 电子资源: | ||
| ISBN: | 7-5019-2729-4 | |
| 000 | 01127nam2 2200289 450 | |
| 001 | 0123456180622 | |
| 005 | 20070730144248.25 | |
| 010 | @a7-5019-2729-4@dCNY10.00 | |
| 100 | @a20041014e20012000em y0chiy0121 ea | |
| 101 | 1 | @achi@cjpn |
| 102 | @aCN@b110000 | |
| 105 | @aa z 000yy | |
| 200 | 1 | @a治疗肩痛100法@Azhi liao jian tong 100 fa@f(日)主妇之友社编@g朱晓辉等译 |
| 210 | @a北京@c中国轻工业出版社@d2000 | |
| 215 | @a194页@c图@d18cm | |
| 225 | 2 | @a家庭保健百科@Ajia ting bao jian bai ke |
| 300 | @a日本主妇之友社供稿 | |
| 306 | @a2001年第2次印刷 | |
| 330 | @a本书内容包括: 改变日常习惯及治愈长年肩酸顽症的生活小窍门; 洗澡不知不觉治愈了肩酸和老年肩痛症; 迅速消解肩膀酸痛的指压、按摩法; 治疗肩酸最有效、最迅速的穴位刺激法等。 | |
| 410 | 0 | @12001 @a家庭保健百科 |
| 606 | 0 | @a中西医结合疗法-颈肩痛@Azhong xi yi jie he liao fa - jing jian tong |
| 606 | 0 | @a颈肩痛-中西医结合疗法@Ajing jian tong - zhong xi yi jie he liao fa |
| 690 | @aR681.505@v4 | |
| 702 | 0 | @a朱晓辉@Azhu xiao hui@4译 |
| 711 | 02 | @a日本主妇之友社@Ari ben zhu fu zhi you she@4编 |
| 801 | 0 | @aCN@bWHC@c20070730 |
| 905 | @a10447@dR681.505@e40 | |
| 治疗肩痛100法/(日)主妇之友社编/朱晓辉等译.-北京:中国轻工业出版社,2000 |
| 194页:图;18cm.-(家庭保健百科) |
| 日本主妇之友社供稿 |
| ISBN 7-5019-2729-4:CNY10.00 |
| 本书内容包括: 改变日常习惯及治愈长年肩酸顽症的生活小窍门; 洗澡不知不觉治愈了肩酸和老年肩痛症; 迅速消解肩膀酸痛的指压、按摩法; 治疗肩酸最有效、最迅速的穴位刺激法等。 |
| ● |
| 相关链接 |
|
|
|
|
正题名:治疗肩痛100法
索取号:R681.505/40
 
预约/预借
| 序号 | 登录号 | 条形码 | 馆藏地/架位号 | 状态 | 备注 |
| 1 | 0789482 | 207894821 | 第二样本阅览室/ [索取号:R681.505/40] | 在馆 | |
| 2 | 0789483 | 207894830 | 第三借阅区/ [索取号:R681.505/40] | 在馆 | |
| 3 | 0789484 | 207894849 | 第三借阅区/ [索取号:R681.505/40] | 在馆 | |
| 4 | 0789485 | 207894858 | 第三借阅区/ [索取号:R681.505/40] | 在馆 | |
| 5 | 0789486 | 207894867 | 第三借阅区/ [索取号:R681.505/40] | 在馆 |